000 00872nas a2200265 4500
001 BR8300589
003 BR-BrBNA
005 20231205085426.0
007 ta
008 230509b bl.|||p| |||| 00| 00por d
040 _aBR-BrBNA
_bpor
_cBiblioteca Nacional de Agricultura
041 _a(Pt)
072 _aH60
100 1 _aDeuber, R.
100 1 _aMachado, P.R.
100 1 _aMathes, L.A.F.
245 1 _aControle de plantas daninhas e seletividade de herbicidas na cultura do girassol (Helianthus annuus L.)
246 1 _aWeed control and selectivity of herbicides on sunflower (Helianthus annuus L.)
650 _aGIRASSOL
650 _aHERBICIDA
650 _aCONTROLE QUIMICO
773 0 _tRevista de Agricultura (Brazil)
_xISSN 0034-7655
_g(Nov 1982), v. 57(3) p. 153-169
_wBR8300589
909 _a202311
_bLúcia
_c55
_dLúcia Elande
942 _2AGRIS
_n0
_cANA
999 _c111364
_d111364